Aspectos faunísticos y ecológicos de lepidópteros altoaragoneses

Tallennettuna:
Bibliografiset tiedot
Päätekijä: Palanca Soler, Antonio (autor)
Aineistotyyppi: Kirja
Kieli:espanja
Julkaistu: Madrid Consejo Superior de Investigaciones Científicas 1987
Sarja:Monografías del Instituto Pirenaico de Ecología, 2
Aiheet:
Tagit: Lisää tagi
Ei tageja, Lisää ensimmäinen tagi!

MARC

LEADER 00000nam a2200000 a 4500
001 UCU3936
003 CL-VaPUC
008 960517e19870000SP |||||||||||||||||spa|d
082 0 4 |a 595.78  |b PAL  |2 21 
100 |a Palanca Soler, Antonio  |e autor  |9 361167 
245 1 0 |a Aspectos faunísticos y ecológicos de lepidópteros altoaragoneses 
300 |a 317 p 
942 |c BK 
945 |d 19960517 00:00:00  |a cmena 
260 |a Madrid  |b Consejo Superior de Investigaciones Científicas  |c 1987 
650 7 |a LEPIDOPTEROS  |2 CL-VaPUC  |9 331930 
650 0 |a Insectos   |9 264174 
650 0 |a Entomología   |9 269835 
650 7 |a ECOLOGIA ANIMAL  |2 CL-VaPUC  |9 361168 
650 0 |a Zoología  |9 261613 
651 0 |a Aragón  |9 323383 
583 |a last modification  |c 19960517 00:00:00  |k Rodrigo Vera 
490 0 |a Monografías del Instituto Pirenaico de Ecología, 2 
999 |c 247786  |d 247784 
952 |0 0  |1 0  |4 0  |6 595_780000000000000_PAL_1987  |7 0  |8 A  |9 263940  |a BIBING  |b BIBING  |d 2019-11-19  |i 1651013  |o 595.78 PAL 1987  |p 1651013  |r 2025-01-20  |w 2019-11-19  |y BK  |k GEO